000 00538nam a2200145 a 4500
008 120416s1983 ||||||||||||||||| || u
050 _aLB 2831.626N5 Ogu
100 _aOgunsaju, Segun
245 1 0 _aEducational supervision
246 _aperspectives and practices in Nigeria
260 _aIfe-Ife
_bUniversity press
_c1983
300 _axiv, 195p. : ill.
350 _a0.00
995 _D0.00
_FCBU-MAIN LIBRARY (Kitwe)
_H1
_I4.95
_M1
_UAVAILABLE
_ZAnnex Low-Usage Collection
999 _c41183
_d41183